• 首页
  • 本馆介绍
  • 公告通知
  • 最新文献
  • 馆藏检索
  • 电子资源
  • 读者导购
  • 参考咨询
  • 我的图书馆
  • 登录
  • 详细信息显示
  • 放入我的书架
  • 预约/预借图书
  • 作者相关作品
  • 分类相关作品
  • 丛书相关作品
  • 出版社相关作品

书目信息

  • 表格格式
  • 工作单格式
  • 卡片格式
题名:
光传输与光接入技术
    
 
作者: 王岩 编著
分册:  
出版信息: 北京   清华大学出版社  2018.07
页数: 220页
开本: 26cm
丛书名:
单 册:
中图分类: TN818 , TN915.62
科图分类:
主题词: 光传输技术--guang chuan shu ji shu--高等学校--教材 , 光纤通信--guang qian tong xin--宽带通信系统--接入网--高等学校--教材
电子资源:
ISBN: 978-7-302-48036-5
000 00975nam0 2200277 450
001 0106081821
005 20201106082044.0
010    @a978-7-302-48036-5@dCNY39.00
100    @a20181129e20192018em y0chiy50 ea
101 0  @achi
102    @aCN@b110000
105    @aa z 000yy
106    @ar
200 1  @a光传输与光接入技术@Aguang chuan shu yu guang jie ru ji shu@f王岩[等]编著
210    @a北京@c清华大学出版社@d2018.07@h2019.12
215    @a220页@c图@d26cm
300    @a全国普通高校通信工程专业规划教材
304    @a编著者还有:张猛、孙海欣、商微微
330    @a本书共8章,内容包括:绪论、光纤及光器件、SDH传送网、基于SDH的光传输实训指导、DWDM波分复用网络等。
606 0  @a光传输技术@Aguang chuan shu ji shu@x高等学校@j教材
606 0  @a光纤通信@Aguang qian tong xin@x宽带通信系统@x接入网@x高等学校@j教材
690    @aTN818@v5
690    @aTN915.62@v5
701  0 @a王岩@Awang yan@4编著
801  0 @aCN@bBJSZM@c20201106
905    @b1192180-3@dTN818@e36@f4
    
    光传输与光接入技术/王岩[等]编著.-北京:清华大学出版社,2018.07(2019.12)
    220页:图;26cm
    全国普通高校通信工程专业规划教材
    
    ISBN 978-7-302-48036-5:CNY39.00
    本书共8章,内容包括:绪论、光纤及光器件、SDH传送网、基于SDH的光传输实训指导、DWDM波分复用网络等。
●
相关链接 在E读中查询图书 在五车中查询图书 在当当中查询图书 在豆瓣中查询图书


正题名:光传输与光接入技术     索取号:TN818/36         预约/预借

序号 登录号 条形码 馆藏地/架位号 状态 备注
1 1192180   211921802   第二样本阅览室/ [索取号:TN818/36] 在馆    
2 1192181   211921811   第三借阅区/ [索取号:TN818/36] 在馆    
3 1192182   211921820   第三借阅区/ [索取号:TN818/36] 在馆    
4 1192183   211921839   第三借阅区/ [索取号:TN818/36] 在馆    
唐山师范学院图书馆 欢迎您!
大连网信软件有限公司© 版权所有